| 000 | 00915cam a2200169ua 4500 | ||
|---|---|---|---|
| 020 | _c20.00 | ||
| 041 |
_aeng _h |
||
| 082 |
_a352.00722 _bMIN/NY |
||
| 110 | 1 |
_aMinistry of community development and co-operation . _b _c(Government of India ) |
|
| 245 | _aNyaya panchayats:road to justice | ||
| 260 |
_a : _bMinistry of community development and co-operation , _c1964. |
||
| 300 | _a90 ; . | ||
| 365 | _a20.00 | ||
| 504 | _a | ||
| 942 | _cBK | ||
| 999 |
_c10962 _d10962 |
||